00509cam a22002171 4500001001300000003000400013005001700017008004100034010001700075035002000092040001800112042001200130050001900142100002900161245002700190260001100217300001900228500001400247500001300261999001700274sa 65008720 DLC20260227112157.0891227s1965 ii 000 1 hino  asa 65008720  a(OCoLC)20822000 aDLCcWaUdDLC apremarc00aPK2098.S49bD41 aSharma, Shri Ram,d1909-10aDhūpa aura bādala. c[1965] a214 p.c19 cm. aIn Hindi. aA novel. c65816d65816